[Event "Linares"]
[Site "9"]
[Date "1991.??.??"]
[Round "4"]
[White "Kamsky, Gata"]
[Black "Ivanchuk, Vassily"]
[Result "0-1"]
[WhiteElo "2640"]
[BlackElo "2695"]
[Annotator "JvR"]
[PlyCount "106"]
[EventDate "1991.??.??"]

1. e4 e5 2. Nf3 Nc6 3. Bb5 a6 4. Ba4 Nf6 5. O-O Be7 6. Re1 b5 7. Bb3 O-O 8. c3
d5 9. exd5 Nxd5 10. Nxe5 Nxe5 11. Rxe5 c6 12. d4 Bd6 13. Re2 Bg4 14. f3 Bh5 $1
15. Bxd5 cxd5 16. Nd2 {Ivanchuk improves on Kosten-Hebden, Gausdal 1987.} f5 $1
17. Qb3 ({'Theory' will become} 17. Nf1) 17... Bf7 18. Nf1 f4 19. Bd2 Qd7 20.
Rae1 a5 21. a3 a4 22. Qd1 Bg6 23. Bc1 Rf7 24. h3 Bf5 25. Nh2 h5 26. Rf2 Raf8
27. Nf1 Rf6 28. Nh2 Kh8 29. b3 $2 {White makes a strategic error.} Rc8 30. Bb2
Kh7 31. Nf1 Rff8 32. Rfe2 Rc7 33. Nh2 Rfc8 34. Nf1 b4 $3 {A sacrifice
increases the restraint.} 35. axb4 $6 (35. cxb4 Bc2 36. Qd2 axb3 37. Rc1 {
offers more resistance (Ehlvest).}) 35... a3 $1 36. Bxa3 ({Or} 36. Ba1 Rxc3 37.
Bxc3 Rxc3) 36... Rxc3 37. Kh2 Ra8 38. Bb2 Rd3 39. Qc1 Rc8 40. Rc2 Rxc2 41. Qxc2
Bg6 (41... Rxf3 $1 42. Qd1 Rf2 $1 43. Qxh5+ Kg8 {wins faster (Ivanchuk).}) 42.
Qf2 Bxb4 43. Re5 Rd1 44. Qe2 Rb1 45. Rg5 Qc6 46. Re5 Qc2 47. Rxh5+ Kg8 48. Qe6+
Bf7 49. Rh8+ Kxh8 50. Qxf7 Qc6 51. Bc3 Bxc3 52. Qf8+ Kh7 53. Qf5+ Qg6 {Top two:
Ivanchuk 3, Kasparov 2 1/2.} 0-1

[Event "Linares"]
[Site "9"]
[Date "1991.??.??"]
[Round "5"]
[White "Ivanchuk, Vassily"]
[Black "Karpov, Anatoly"]
[Result "1-0"]
[WhiteElo "2695"]
[BlackElo "2725"]
[Annotator "JvR"]
[PlyCount "70"]
[EventDate "1991.??.??"]

1. d4 Nf6 2. c4 e6 3. Nc3 Bb4 4. e3 O-O 5. Bd3 d5 6. Nf3 c5 7. O-O cxd4 8. exd4
dxc4 9. Bxc4 b6 10. Bg5 Bb7 11. Rc1 Nc6 12. a3 Be7 13. Qd3 Nd5 14. Bxd5 exd5
15. Bxe7 Nxe7 16. Rfe1 Rc8 17. h4 h6 18. h5 Rc7 19. Nb5 Rxc1 20. Rxc1 Ba6 21.
a4 Bxb5 22. Qxb5 Nf5 23. g3 Ne7 24. Ne5 Qd6 25. Qa6 Nf5 26. Qd3 Ne7 27. Qf3 a5
28. Kg2 f6 29. Nd3 Rc8 30. Re1 Rc4 31. Nf4 $5 Rxd4 32. Ng6 Nxg6 33. hxg6 Kf8 $5
34. Qf5 Rc4 {Both players have a few seconds.} 35. g4 $5 ({Best is} 35. Re6 $1
Qd8 36. Re5 $1 Qc8 37. Qxc8+ Rxc8 38. Rxd5 {drawn.}) 35... Qf4 $4 {Karpov
oversteps the time limit in a lost position.} ({Correct is} 35... Qc6 $1 36.
Re6 Qc8 37. Qxd5 Rxg4+ 38. Kh2 $1 Rxg6 39. f4 $1 Qc2+ 40. Kh3 Qc8 41. Kh2 {and
White escapes.}) (35... Qf4 $4 36. Qxd5 $1 Qxg4+ 37. Kf1 Qh3+ 38. Ke2 Qg4+ 39.
Kd3 $18) 1-0

[Event "Linares"]
[Site "9"]
[Date "1991.??.??"]
[Round "5"]
[White "Kasparov, Gary"]
[Black "Speelman, Jonathan"]
[Result "1/2-1/2"]
[WhiteElo "2800"]
[BlackElo "2610"]
[Annotator "JvR"]
[PlyCount "100"]
[EventDate "1991.??.??"]

1. c4 c5 2. Nf3 Nc6 3. Nc3 Nd4 $5 4. Ng1 $5 e6 (4... Nc6 $5 {repeats the moves!
}) 5. e3 Nf5 $5 6. Nf3 Nf6 7. d4 cxd4 8. exd4 Bb4 9. Bd3 O-O 10. O-O b6 $5 11.
Ne2 Bb7 12. d5 Ne7 $2 ({Sufficient counteraction gives} 12... b5 $1 13. a3 Bd6)
13. Bg5 Ng6 14. a3 Bd6 15. Nc3 Re8 16. Re1 a6 17. Ne4 $1 Be7 $6 (17... Bf8 {
saves a tempo.}) 18. d6 Bf8 19. h4 h6 20. h5 $1 hxg5 21. hxg6 fxg6 22. Ne5 $1 {
Black has been outclassed with subtle positional play.} Rc8 23. b4 a5 24. Rc1
axb4 25. axb4 g4 26. c5 bxc5 27. bxc5 Nxe4 28. Bxe4 Bxe4 29. Rxe4 Qg5 30. Rcc4
g3 31. fxg3 Red8 32. g4 ({Very solid is} 32. Qe1 $1) 32... Ra8 33. Qc1 Qxc1+
34. Rxc1 g5 35. Rb4 Rdc8 36. Rbc4 Ra7 $2 37. Rf1 $2 Ra5 38. Rfc1 Rd8 39. Re4 $2
Ra2 $2 {Many inaccuracies are made.} ({Better is} 39... Rc8 40. Nd3 g6) 40. Re3
Rd2 41. Rf1 g6 42. Nxg6 Kg7 43. Nxf8 $2 ({The attack can be continued with} 43.
Ne5 $1 Kg8 44. Rc1) 43... Rxf8 44. Rxf8 Kxf8 45. Re5 Kf7 46. Rxg5 Rc2 47. Rh5
Kf6 48. Rh7 Rxc5 49. Rxd7 Rg5 50. Rd8 Ke5 {Top two: Ivanchuk 4, Kasparov 3.}
1/2-1/2

[Event "Linares"]
[Site "9"]
[Date "1991.??.??"]
[Round "6"]
[White "Beliavsky, Alexander"]
[Black "Ivanchuk, Vassily"]
[Result "1/2-1/2"]
[WhiteElo "2640"]
[BlackElo "2695"]
[Annotator "JvR"]
[PlyCount "49"]
[EventDate "1991.??.??"]

1. d4 Nf6 2. c4 g6 3. Nc3 d5 4. Nf3 Bg7 5. Bg5 Ne4 6. Bh4 Nxc3 7. bxc3 dxc4 8.
Qa4+ Qd7 9. Qxc4 b6 10. e3 Ba6 11. Qb3 Bxf1 12. Kxf1 Nc6 13. Ke2 Na5 14. Qb4 e6
15. Ne5 Qd6 16. Bg3 O-O $1 {Black gives a pawn for the completion of his
development.} ({White is better in} 16... Qd5 $6 17. c4 $1 Qxg2 18. Qa4+ c6 19.
Rhg1 Qh3 20. Nxc6 O-O 21. Nxa5 bxa5 22. Rac1) 17. Nxg6 Qxb4 18. cxb4 hxg6 19.
bxa5 c5 20. Be5 cxd4 21. Bxd4 Bxd4 22. exd4 Rfd8 23. Ke3 Rd5 24. axb6 axb6 25.
Rhb1 {White cannot win the double rook endgame.} 1/2-1/2

[Event "Linares"]
[Site "9"]
[Date "1991.??.??"]
[Round "7"]
[White "Kasparov, Gary"]
[Black "Kamsky, Gata"]
[Result "1-0"]
[WhiteElo "2800"]
[BlackElo "2640"]
[Annotator "JvR"]
[PlyCount "57"]
[EventDate "1991.??.??"]

1. d4 Nf6 2. c4 c6 3. Nc3 g6 $2 {Gata longs for a spanking by his father.} 4.
e4 d5 5. e5 Ne4 6. Bd3 Nxc3 7. bxc3 Bg7 8. Ne2 O-O 9. cxd5 cxd5 10. h4 Be6 11.
h5 Qc8 12. Bd2 Bf5 13. Qb1 Nc6 $2 {The bishops have to be exchanged first.} 14.
Bxf5 Qxf5 15. Qxf5 gxf5 16. h6 Bxe5 {Withdrawal of the bishop leads to a life
imprisonment.} 17. dxe5 Nxe5 18. Nd4 e6 19. Ke2 Nc4 20. Rae1 Kh8 21. Bg5 f6 22.
Nxe6 fxg5 23. Nxf8 Rxf8 24. Kd3 Nd6 25. f3 Kg8 26. Re7 Rf7 27. Rhe1 Kf8 28.
R7e6 Rd7 29. Rf6+ {Kamsky played a poor tournament. When he tried to claim his
score sheets, he lost that battle too.  Top: Ivanchuk 5, Kasparov 4 1/2.} 1-0

[Event "Linares"]
[Site "9"]
[Date "1991.??.??"]
[Round "8"]
[White "Anand, Viswanathan"]
[Black "Ivanchuk, Vassily"]
[Result "0-1"]
[WhiteElo "2635"]
[BlackElo "2695"]
[Annotator "JvR"]
[PlyCount "66"]
[EventDate "1991.??.??"]

1. e4 c5 2. Nf3 d6 3. d4 cxd4 4. Nxd4 Nf6 5. Nc3 a6 6. Bc4 e6 7. O-O Be7 8. Bb3
O-O 9. f4 b5 10. f5 $2 b4 11. Na4 e5 12. Ne2 Bb7 13. Ng3 Nbd7 14. Qe1 ({The
theory is} 14. Qf3 Bc6 15. Be3 {(Janosevic-Polugaevsky, Skopje 1971).}) 14...
a5 15. c4 Qc7 16. Qe2 Rfc8 17. Bg5 Nc5 18. Rac1 h6 $1 ({A capture on e4 by} 
18... Nfxe4 19. Nxe4 Bxe4 20. Bxe7 Bd3 21. Qe3 $1 {is premature (Ivanchuk).})
19. Be3 Ncd7 20. Bf2 Ra6 21. Rc2 Qb8 22. Re1 Qa8 $1 {Black aims his pieces on
the critical point e4.} 23. Qd3 $2 ({Correct is} 23. Rd2 $1 Nc5 24. Bc2 $1)
23... Ng4 24. Nf1 ({Or} 24. Qf3 Nxf2 25. Rxf2 Bh4) 24... Ndf6 25. Nd2 ({Avoids
} 25. Bh4 $2 Bxe4 $1 26. Rxe4 Nxe4 27. Bxe7 Qa7+ {(Ivanchuk).}) 25... Nxf2 $1
26. Kxf2 Bc6 27. Rcc1 ({Not} 27. Kg1 Qa7+) 27... Qa7+ 28. Ke2 Rd8 29. Bd1 $2 (
29. Rcd1 Ng4 30. Qg3 {prolongs the game.}) 29... d5 $1 30. cxd5 Nxd5 $1 31.
exd5 Rxd5 32. Qb3 Bg5 33. Rc2 Bxd2 (33... Bxd2 34. Rxd2 Bb5+) 0-1

[Event "Linares"]
[Site "9"]
[Date "1991.??.??"]
[Round "9"]
[White "Ivanchuk, Vassily"]
[Black "Ljubojevic, Ljubomir"]
[Result "1/2-1/2"]
[WhiteElo "2695"]
[BlackElo "2590"]
[Annotator "JvR"]
[PlyCount "69"]
[EventDate "1991.??.??"]

1. e4 c5 2. Nf3 Nc6 3. d4 cxd4 4. Nxd4 Qc7 5. Be2 e6 6. c4 Nxd4 7. Qxd4 Ne7 8.
Be3 Nc6 9. Qd2 Bb4 10. Nc3 Qe5 11. O-O O-O 12. Rac1 b6 13. Rfd1 Bc5 14. Bxc5
bxc5 15. Qd6 f6 16. f4 Qxd6 17. Rxd6 {White has an optical advantage.} Kf7 18.
Rd2 Ke7 19. Bd1 g5 20. f5 d6 21. Ba4 Ne5 22. b3 a6 23. Rcd1 Rd8 24. Rf1 Bb7 25.
Rfd1 Rab8 26. Rf1 h5 27. h3 h4 28. Re2 Rg8 29. Nd1 $2 ({Correct is} 29. fxe6
Kxe6) 29... g4 $1 30. Nf2 exf5 ({Even better is} 30... Nf3+ $1 31. Kh1 Nd4) 31.
exf5 gxh3 32. Nxh3 Rg4 33. Kh2 Rbg8 34. Nf4 Kf7 35. Rd2 {Ljubojevic takes a
draw in a won position.} (35. Rd2 Rg3 $1 36. Rxd6 $5 Bxg2) 1/2-1/2

[Event "Linares"]
[Site "9"]
[Date "1991.??.??"]
[Round "9"]
[White "Kasparov, Gary"]
[Black "Beliavsky, Alexander"]
[Result "1-0"]
[WhiteElo "2800"]
[BlackElo "2640"]
[Annotator "JvR"]
[PlyCount "67"]
[EventDate "1991.??.??"]

1. c4 e6 2. Nc3 Nf6 3. e4 c5 4. e5 Ng8 5. Nf3 Nc6 6. d4 cxd4 7. Nxd4 Nxe5 8.
Ndb5 a6 9. Nd6+ Bxd6 10. Qxd6 f6 11. Be3 Ne7 12. Bb6 Nf5 13. Qc5 $1 d6 14. Qa5
Qd7 $5 ({Beliavsky diverts from} 14... Qe7 {(Kasparov-Sokolov, Belfort 1988).})
15. f4 $1 Nc6 16. Qa3 {White has restriction for a pawn.} e5 $2 ({Theory will
become} 16... Nce7 $1 17. O-O-O Qc6) 17. Bd3 O-O 18. O-O exf4 $6 (18... Qf7 $5
19. fxe5 fxe5 20. Nd5 Qh5 {offers more resistance.}) 19. Rxf4 Nfe7 20. Rd1 Ng6
21. Rff1 Nge5 22. Be4 Qf7 23. b3 Be6 24. Qxd6 Kh8 25. Qc7 $1 Qxc7 26. Bxc7 Rf7
27. Bb6 Re8 28. h3 $1 Rd7 29. Nd5 Rc8 30. g4 Ng6 31. Kh2 Nce5 32. a4 $1 Rd6 33.
a5 Nd7 $2 34. Nc7 $1 {Beliavsky lost the lead. Hereafter, he was beaten by
Salov and Karpov.} 1-0

[Event "Linares"]
[Site "9"]
[Date "1991.??.??"]
[Round "10"]
[White "Ehlvest, Jaan"]
[Black "Kasparov, Gary"]
[Result "0-1"]
[WhiteElo "2650"]
[BlackElo "2800"]
[Annotator "JvR"]
[PlyCount "80"]
[EventDate "1991.??.??"]

1. e4 c5 2. Nf3 e6 3. d4 cxd4 4. Nxd4 a6 5. c4 Nf6 6. Nc3 Qc7 7. Bd3 Be7 $6 ({
The usual} 7... Nc6 {is stronger.}) 8. f4 d6 9. Qe2 $6 (9. O-O O-O 10. Be3 {
gains a plus (Kasparov).}) 9... Nc6 10. Nf3 Nd7 11. a3 $2 {Ehlvest plays
timidly.} Bf6 12. Be3 $6 ({Better is} 12. Bd2 Nd4 13. Nxd4 Bxd4 14. Rc1 {
(Kasparov).}) 12... Bxc3+ $1 13. bxc3 e5 14. f5 Ncb8 $3 {Kasparov plays for a
win.} ({He avoids} 14... Nc5 15. Bxc5 dxc5 {and equality.}) 15. O-O Nc5 16. Bc2
Nbd7 17. Rfd1 Nf6 18. Nd2 Bd7 19. Bg5 Bc6 20. Qf3 O-O-O 21. Re1 h6 22. Bh4 Rdg8
$1 23. Kh1 Nfd7 24. Nf1 $6 (24. Rab1 g5 25. Bf2 {offers more resistance.})
24... g5 25. Bf2 h5 26. Qd1 h4 27. Qb1 Nf6 28. Bxc5 dxc5 29. Ne3 Qa5 $1 30. Qb2
h3 31. g3 Nxe4 32. Bxe4 Bxe4+ 33. Kg1 Rd8 34. Ng4 Bxf5 35. Nxe5 Qc7 36. Qf2 Be6
37. Rab1 Rd6 38. Rb2 Rhd8 39. Rbe2 f6 40. Ng6 Bxc4 0-1

[Event "Linares"]
[Site "9"]
[Date "1991.??.??"]
[Round "10"]
[White "Yusupov, Artur"]
[Black "Ivanchuk, Vassily"]
[Result "1/2-1/2"]
[WhiteElo "2605"]
[BlackElo "2695"]
[Annotator "JvR"]
[PlyCount "125"]
[EventDate "1991.??.??"]

1. d4 e6 2. c4 Nf6 3. Nf3 b6 4. e3 Bb7 5. Bd3 Bb4+ 6. Nbd2 O-O 7. O-O d5 8. a3
Be7 9. b4 Nbd7 10. Bb2 c6 11. Bc3 c5 12. bxc5 bxc5 13. Rb1 Rb8 14. Qc2 h6 15.
cxd5 Nxd5 16. Ba1 N5b6 17. Bh7+ Kh8 18. Be4 cxd4 19. Bxd4 Bf6 20. Rfc1 Rc8 21.
Qb3 Rxc1+ 22. Rxc1 Qa8 23. Bxb7 Qxb7 24. Bxf6 Nxf6 25. Ne5 Kg8 26. h3 Rc8 27.
Rxc8+ Qxc8 28. Ndc4 Nfd7 29. g3 Qc7 30. Nxd7 Qxc4 31. Qxc4 Nxc4 32. a4 Nb2 33.
a5 $6 {The initiative goes to Black.} ({Better is} 33. Nc5 Kf8 34. e4) 33...
Nc4 34. a6 f5 35. Kf1 Kf7 36. Ke2 Ke7 37. Nc5 Kd6 38. Nb7+ Kd5 39. f3 e5 40. g4
g6 41. Nd8 Nd6 42. gxf5 gxf5 43. h4 Kc5 44. e4 fxe4 45. fxe4 Kb6 46. Kd3 $1 Kb5
$3 {Ivanchuk starts a zugzwangduel.} 47. h5 $1 {Yusupov defends well.} Kb6 48.
Ne6 Kxa6 49. Nc5+ Kb5 50. Nd7 Nf7 51. Kc3 Kc6 52. Nf6 Kc5 53. Nd7+ Kb5 54. Nf6
a6 55. Nd7 Kc6 56. Nf6 Kc5 57. Nd7+ Kb5 58. Nf6 Ng5 59. Ng4 $1 Nxe4+ 60. Kc2
Ng3 61. Nxh6 e4 62. Nf7 Nxh5 63. Nd6+ {Ivanchuk and Kasparov 7.} 1/2-1/2

[Event "Linares"]
[Site "9"]
[Date "1991.??.??"]
[Round "11"]
[White "Ivanchuk, Vassily"]
[Black "Gurevich, Mikhail"]
[Result "1-0"]
[WhiteElo "2695"]
[BlackElo "2650"]
[Annotator "JvR"]
[PlyCount "121"]
[EventDate "1991.??.??"]

1. d4 Nf6 2. c4 g6 3. Nc3 Bg7 4. e4 d6 5. f3 O-O 6. Be3 e5 7. d5 Nh5 8. Qd2 f5
9. O-O-O f4 $6 10. Bf2 Bf6 11. Qe1 Be7 $6 12. g4 Ng7 13. h4 Nd7 14. Nge2 h6 15.
Kb1 c5 16. a3 $6 ({Known is} 16. g5 h5 17. Nc1 {(Gufeld-Liberzon, Tbilisi 1966)
.}) ({A novelty will become} 16. dxc6 bxc6 17. c5 $1 {(Ward-Kohtz, Hamburg
1995).}) 16... a6 17. Nc1 Ne8 $6 18. Bd3 b5 $5 {Black could have prepared the
counteraction.} 19. cxb5 Nc7 20. h5 g5 21. Qf1 axb5 22. Nxb5 Nxb5 23. Bxb5 Qb6
24. Be1 Ba6 $2 {He should avoid exchanges.} 25. Bxa6 Rxa6 26. Rd3 Qa7 27. Rb3
Rb6 $6 28. Rh2 Rfb8 29. Rxb6 Rxb6 30. Qd3 Bd8 31. Ka2 Rb8 32. Nb3 Kf8 33. Rc2
Ke7 34. Bd2 Bc7 35. Bc1 Ba5 36. Bd2 Bd8 37. Qc4 Rb7 38. Bc3 Nb6 39. Qe2 Na4 40.
Be1 Qb8 41. Qc4 Nb6 42. Qa6 Nd7 43. Nd2 Ra7 44. Qe2 Ba5 45. Nc4 Bxe1 46. Qxe1
Qb5 47. Qc3 Qa6 48. Qb3 Rb7 49. Qd3 Qa4 50. Rc3 Rb4 51. Kb1 Rb7 52. Qc2 Qa6 53.
Rb3 Ra7 54. Qd3 Kd8 55. Nd2 Qxd3+ $6 56. Rxd3 Nb6 57. Ka2 Ra4 58. b3 Ra6 59.
Rc3 Kd7 (59... Ra7 $1 60. Nc4 Nc8 {prolongs the game.}) 60. Nc4 Nc8 {An
astounding winning move follows.} 61. b4 $3 (61. b4 cxb4 62. Rb3 $1 bxa3 63.
Rb7+ Kd8 64. Rh7 {leads to a succesful invasion (Ivanchuk).}) 1-0

[Event "Linares"]
[Site "9"]
[Date "1991.??.??"]
[Round "12"]
[White "Ivanchuk, Vassily"]
[Black "Gelfand, Boris"]
[Result "1-0"]
[WhiteElo "2695"]
[BlackElo "2700"]
[Annotator "JvR"]
[PlyCount "35"]
[EventDate "1991.??.??"]

1. d4 Nf6 2. c4 g6 3. Nf3 Bg7 4. g3 O-O 5. Bg2 d5 6. O-O dxc4 7. Na3 c3 8. bxc3
c5 9. e3 Nc6 10. Qe2 Qa5 11. Bb2 Nd5 12. Rac1 b6 13. Nd2 e6 $2 {Gelfand
repeats the blunder in Holzl-Mikhalchishin, Budapest 1990.} ({Correct is} 13...
Rd8) 14. Nb3 $1 {Ivanchuk plays a crushing move.} Qa6 15. c4 Ndb4 16. Nb5 Qa4
$2 ({Or} 16... Qxa2 17. Rc3 Qa6 18. Nc7 {(Anand).}) 17. Nc3 Qa6 18. a3 1-0

[Event "Linares"]
[Site "9"]
[Date "1991.??.??"]
[Round "12"]
[White "Ljubojevic, Ljubomir"]
[Black "Kasparov, Gary"]
[Result "0-1"]
[WhiteElo "2590"]
[BlackElo "2800"]
[Annotator "JvR"]
[PlyCount "86"]
[EventDate "1991.??.??"]

1. e4 c5 2. Nc3 d6 3. f4 Nc6 4. Nf3 g6 5. Bb5 Bd7 6. O-O Bg7 7. d3 a6 8. Bxc6
Bxc6 9. Qe1 Qd7 10. a4 b6 11. b3 Nf6 12. h3 $6 Nh5 13. Bd2 f5 $5 14. exf5 gxf5
15. Qh4 Nf6 16. Rae1 O-O-O 17. a5 b5 18. b4 cxb4 19. Na2 Nd5 20. Nxb4 Bf6 21.
Qf2 Nxb4 22. Bxb4 Rhg8 $1 23. Re2 Rg6 24. Qe1 $2 ({Better is} 24. Qe3) 24...
Rdg8 25. Kh2 e5 $1 26. fxe5 Bxe5+ 27. Kh1 Qb7 $2 ({Kasparov misses the win} 
27... Qg7 28. Qf2 Rxg2 $1 29. Qxg2 Qf7) 28. d4 $1 Rxg2 $4 {Kasparov looks
shocked after he has carried out this move.} (28... Bg3 {keeps a plus.}) 29.
Rxg2 Rxg2 ({Kasparov had noticed} 29... Bxf3 30. Rxf3 Qxf3 31. Qc3+ $1 Qxc3 32.
Rxg8+ {too late.}) 30. Kxg2 Qg7+ 31. Kh1 Bf4 32. Qe6+ Bd7 33. Qd5 Qg3 34. Qa8+
$2 {Ljubojevic endures time trouble.} ({He misses} 34. Re1 $1 Qxh3+ 35. Kg1
Qg3+ 36. Kf1 Qh3+ 37. Ke2 {and the king escapes from the checks.}) 34... Kc7
35. Re1 $6 (35. Qa7+ Kc8 $1 36. Qxa6+ Kb8 $1 37. Rf2 $1 Qxf2 38. Bxd6+ {
attacks.}) 35... Qxh3+ 36. Kg1 Qg3+ 37. Kf1 Qh3+ 38. Ke2 $5 Bc6 39. Qa7+ Kc8
40. Rf1 $4 ({Correct is} 40. Nd2 Qg4+ 41. Kd3 Qg3+ 42. Ke2 $11 {(Kasparov).})
40... Qg2+ 41. Ke1 Bg3+ 42. Kd1 Qxf1+ 43. Ne1 Bxe1 {Ivanchuk 9, Kasparov 8 1/2.
} 0-1

[Event "Linares"]
[Site "9"]
[Date "1991.??.??"]
[Round "13"]
[White "Kasparov, Gary"]
[Black "Yusupov, Artur"]
[Result "1/2-1/2"]
[WhiteElo "2800"]
[BlackElo "2605"]
[Annotator "JvR"]
[PlyCount "79"]
[EventDate "1991.??.??"]

1. c4 f5 2. g3 Nf6 3. Nc3 g6 4. Bg2 Bg7 5. d3 d6 6. e3 O-O 7. Nge2 e5 8. O-O
Nbd7 9. Rb1 Kh8 $6 {Black loses a tempo.} ({Better is} 9... c6) 10. b4 a6 11.
Bb2 Nh5 12. f4 Ndf6 13. Qd2 c6 14. a4 Qe7 15. b5 axb5 16. axb5 Bd7 17. h3 Rfe8
18. Ra1 h6 19. e4 Rxa1 20. Rxa1 Qd8 21. exf5 Bxf5 22. Kh2 ({Yusupov had planned
} 22. g4 Bxg4 $1 23. hxg4 Nxg4) 22... exf4 23. Nxf4 Nxf4 24. Qxf4 Nh5 25. Qd2
Kh7 $2 (25... Qc7 $1 {faces the difficulties.}) 26. Ne4 $2 {Kasparov misses
the victory.} ({The fine} 26. bxc6 $1 Nxg3 $1 {(Yusupov)} 27. Ne4 $1 Nxe4 28.
dxe4 Bxe4 29. Bxg7 Kxg7 30. Ra7 $1 Bxg2 31. Rxb7+ Re7 32. Kxg2 {wins.}) 26...
d5 $1 27. Bxg7 Kxg7 28. Qb2+ Kg8 29. cxd5 $2 ({Correct is} 29. bxc6 $1 dxe4 30.
cxb7 Qc7 31. Ra8 Rb8 {Black has a difficult position (Yusupov).}) 29... cxd5
30. Nc3 Qc7 $1 31. Bxd5+ Kh7 32. Rg1 Re3 33. Ne4 Bxe4 $2 (33... Rxd3 $1 34. Qg2
Qe5 35. Bxb7 Re3 {gains material.}) 34. Bxe4 Nxg3 35. Bxg6+ $1 {Kasparov has a
great escape.} Kxg6 36. Qf2 Rxd3 37. Rxg3+ Rxg3 38. Qxg3+ Qxg3+ 39. Kxg3 Kg5
40. b6 {Both players missed opportunities in a hard game.} 1/2-1/2

[Event "Linares"]
[Site "9"]
[Date "1991.??.??"]
[Round "13"]
[White "Timman, Jan"]
[Black "Ivanchuk, Vassily"]
[Result "1/2-1/2"]
[WhiteElo "2630"]
[BlackElo "2695"]
[Annotator "JvR"]
[PlyCount "48"]
[EventDate "1991.??.??"]

1. e4 e5 2. Nf3 Nc6 3. Bb5 a6 4. Ba4 Nf6 5. O-O Be7 6. Re1 b5 7. Bb3 O-O 8. c3
d5 9. exd5 Nxd5 10. Nxe5 Nxe5 11. Rxe5 c6 12. d4 Bd6 13. Re1 Qh4 14. g3 Qh3 15.
Re4 g5 16. Qf3 Bf5 17. Bxd5 cxd5 18. Re3 Be4 19. Rxe4 dxe4 20. Qf6 Qg4 {A
novelty is played.} 21. Nd2 $5 Rae8 22. Nf1 ({Timman avoids the adventures of} 
22. Qxd6 e3 23. fxe3 Rxe3 {(Anand).}) 22... Be7 23. Qxa6 f5 24. Qxb5 f4 {
Ivanchuk had won Linares 1991!} 1/2-1/2

[Event "Linares"]
[Site "10"]
[Date "1992.??.??"]
[Round "1"]
[White "Timman, Jan"]
[Black "Kasparov, Gary"]
[Result "0-1"]
[WhiteElo "2620"]
[BlackElo "2780"]
[Annotator "JvR"]
[PlyCount "50"]
[EventDate "1992.??.??"]

1. d4 Nf6 2. c4 g6 3. Nc3 Bg7 4. e4 d6 5. f3 O-O 6. Be3 e5 7. d5 Nh5 8. Qd2 f5
9. O-O-O Nd7 10. Bd3 Nc5 11. Bc2 a6 12. Nge2 b5 13. b4 Nd7 14. cxb5 axb5 15.
Nxb5 $5 {This move looks risky.} ({More solid is} 15. Kb2 {(A. Petrosian, Riga
1973).}) 15... Rxa2 16. Nec3 Ra8 17. Kb2 Ndf6 18. Na7 fxe4 19. Nc6 Qd7 20. g4
$5 {Timman wants to apply restraint on the flanks.} Nf4 21. g5 N6xd5 $1 (21...
N6h5 22. fxe4 {lets White control the centre and queenside (Timman).}) 22. Nxd5
Nd3+ $1 {White has to defend carefully, but he loses track in the complex
calculations.} 23. Bxd3 $2 (23. Kb1 $1 Rxf3 $1 24. Rhf1 Rxf1 25. Rxf1 {keeps
the game going (Kasparov and Timman).}) 23... exd3 24. Nce7+ $6 Kh8 25. Nxc8 $6
e4+ $1 {The world champion had defeated the first candidate.} ({The opening of
the position shows its fatal effect in} 25... e4+ 26. Nf6 ({and} 26. Nc3 Qa4)
26... Rxf6) 0-1

[Event "Linares"]
[Site "10"]
[Date "1992.??.??"]
[Round "2"]
[White "Kasparov, Gary"]
[Black "Karpov, Anatoly"]
[Result "1-0"]
[WhiteElo "2780"]
[BlackElo "2725"]
[Annotator "JvR"]
[PlyCount "81"]
[EventDate "1992.??.??"]

1. e4 c6 2. d4 d5 3. Nd2 dxe4 4. Nxe4 Nd7 5. Ng5 Ngf6 6. Bc4 e6 7. Qe2 Nb6 8.
Bb3 h6 9. N5f3 c5 10. Bf4 Bd6 $5 11. Bg3 Qe7 $5 (11... Bxg3 12. hxg3 {raises
the passivity (Matanovic-Panov, Skopje 1970).}) 12. dxc5 Bxc5 13. Ne5 $1 Bd7
14. Ngf3 Nh5 $5 15. O-O-O Nxg3 16. hxg3 O-O-O 17. Rh5 $1 Be8 18. Rxd8+ Kxd8 ({
Not} 18... Qxd8 $4 19. Nxf7 $1) 19. Qd2+ Bd6 $1 (19... Kc8 $2 20. Nd3 $1 Bd6
21. Qc3+ Kb8 22. Qxg7 {and White has won a pawn.}) 20. Nd3 Qc7 21. g4 Kc8 $1
22. g5 $1 Bf8 23. Rh4 Kb8 $1 24. a4 Be7 25. a5 Nd5 26. Kb1 Bd8 $2 (26... Qc6 $1
27. Rc4 Qa6 {defends in a lovely manner.}) 27. a6 Qa5 28. Qe2 $1 {Kasparov
keeps on charging.} Nb6 $6 (28... Nc7 $1 29. axb7 Be7 {brings the last chance.}
) 29. axb7 Bxg5 30. Nxg5 Qxg5 31. Rh5 Qf6 ({Or} 31... Qxg2 32. Nc5 $1 {
(Kasparov).}) 32. Ra5 Bc6 33. Nc5 Bxb7 34. Nxb7 Kxb7 35. Qa6+ Kc6 36. Ba4+ Kd6
37. Qd3+ Nd5 38. Qg3+ Qe5 39. Qa3+ Kc7 40. Qc5+ Kd8 41. Rxa7 {Another
candidate had lost.} 1-0

[Event "Linares"]
[Site "10"]
[Date "1992.??.??"]
[Round "2"]
[White "Timman, Jan"]
[Black "Ivanchuk, Vassily"]
[Result "1/2-1/2"]
[WhiteElo "2620"]
[BlackElo "2720"]
[Annotator "JvR"]
[PlyCount "83"]
[EventDate "1992.??.??"]

1. d4 Nf6 2. c4 g6 3. Nc3 d5 4. cxd5 Nxd5 5. e4 Nxc3 6. bxc3 Bg7 7. Be3 c5 8.
Qd2 Qa5 9. Nf3 Bg4 10. Rb1 a6 11. Rb3 $6 b5 12. d5 Nd7 13. c4 b4 14. Qc2 Qc7 $6
15. Nd2 Nb6 16. f4 a5 17. Bd3 a4 18. Rb1 g5 $1 19. f5 Be5 20. h3 Bg3+ 21. Kf1
Bh5 22. e5 Qxe5 23. Ne4 Qxf5+ $5 24. Kg1 $6 ({Timman misses} 24. Bf2 Bxf2 25.
Nd6+ $1 exd6 26. Bxf5 {(Ivanchuk and Levin).}) 24... Qe5 25. Bxc5 b3 26. axb3
Nd7 27. Ba3 axb3 28. Rxb3 Qa1+ 29. Qb1 Rxa3 30. Rxa3 Qxa3 31. Nxg3 Bg6 32. Qb7
O-O 33. Qxd7 Qxd3 34. Kh2 h5 35. Re1 h4 36. Nf1 Qxc4 37. Qxe7 Qf4+ 38. Kg1 Rb8
39. d6 Qd4+ 40. Kh2 Qf4+ 41. Kg1 (41. Kh1 $1 Qb4 42. Nh2 Rb7 43. Qd8+ Kg7 44.
Rf1 {gives a new opportunity.}) 41... Qd4+ 42. Kh2 1/2-1/2